Educación e ideología en la España contemporánea : (1767-1975) / Manuel de Puelles Benítez (1767-1975) / Manuel de Puelles Benítez
Descripción Física:
522 p. ; 18 cm
Colección:
Politeia ; 6
Materias:
Educació -- Espanya -- 1767/1975
MARC
| LEADER | 00000nam a2200000Ia 4500 | ||
|---|---|---|---|
| 001 | 1694 | ||
| 008 | 160829s1980 xx 000 0 cat d | ||
| 080 | |a E-1-154 | ||
| 100 | |a Puelles Benítez, Manuel de |9 25304 | ||
| 245 | |a Educación e ideología en la España contemporánea : |b (1767-1975) / Manuel de Puelles Benítez | ||
| 260 | |a Barcelona : |b Labor, |c 1980 | ||
| 300 | |a 522 p. ; |c 18 cm | ||
| 490 | |a Politeia ; 6 | ||
| 650 | |a Educació |x Espanya |x 1767/1975 |9 25305 | ||
| 901 | |a Arxiu | ||
| 942 | |n 1 | ||
| 952 | |0 0 |1 0 |4 0 |6 E1154 |7 1 |9 43543 |a Arxiu |b Arxiu |d 2016-12-01 |l 0 |o E-1-154 |p 1694 |r 2016-12-01 00:00:00 |w 2016-12-01 |y ARXIU | ||
| 999 | |c 46089 |d 46089 | ||